| 000 | 00612nam a22001577a 4500 | ||
|---|---|---|---|
| 003 | OSt | ||
| 005 | 20151104153539.0 | ||
| 008 | 151104b xxu||||| |||| 00| 0 eng d | ||
| 040 | _cRUA | ||
| 082 | _aFOR CHR 1997 B123 Or.1 | ||
| 100 |
_93360 _aCHRIN, SAO. |
||
| 245 | _aCommunity forestry: an examinaqtion of experience in cambodia based on case studies of three agencies, សិក្សាវាយតណលៃពីការអនុវត្តន៍សហគមន៍ព្រៃឈលើនៅកម្ពុជា | ||
| 260 |
_aPhnom Penh _bRUA _c1997 |
||
| 300 |
_a57p. _bill. _c29cm. |
||
| 942 |
_2ddc _cFOR |
||
| 999 |
_c3133 _d3133 |
||